| 000 | 00424nam a22001457a 4500 | ||
|---|---|---|---|
| 999 |
_c10045 _d10045 |
||
| 003 | GBCCL | ||
| 005 | 20241126110724.0 | ||
| 008 | 240213b ||||| |||| 00| 0 eng d | ||
| 040 | _cgbc | ||
| 082 |
_aMAG TAN _b2022 |
||
| 245 |
_aTangnuam platinum jubilee 1947-2022 magazine/ _cDL Muon, chief editor |
||
| 260 |
_aTangnuam : _bTangnuam platinum jubilee celebration committee, _c2022 |
||
| 300 | _a166p. ; | ||
| 942 |
_2ddc _cARCH |
||